[Event "45th Olympiad Budapest 2024"]
[Site "Budapest"]
[Date "2024.09.11"]
[Round "1"]
[Board "2"]
[White "Mihailova, Alina"]
[Black "Aishath, Iva Hassan"]
[Result "1-0"]
[WhiteElo "1969"]
[BlackElo "1422"]
[PlyCount "47"]
[EventDate "2024.09.11"]
[EventType "team-tourn"]
[EventRounds "11"]
[EventCountry "HUN"]
[WhiteTeam "Moldova"]
[BlackTeam "Maldives"]
[WhiteTeamCountry "MDA"]
[BlackTeamCountry "MDV"]

1. d4 d5 2. c4 e6 3. Nf3 Nf6 4. g3 Bb4+ 5. Bd2 Be7 6. Bg2 O-O 7. Qc2 c6 8. Nc3 ({RR} 8. Bf4 Nbd7 9. h4 b6 10. Nc3 Ba6 11. cxd5 cxd5 12. O-O b5 13. a3 Rc8 14. Rfc1 Bb7 15. Qb3 a6 16. Na2 Rc4 17. e3 h6 18. Nd2 Rxc1+ 19. Rxc1 Qa8 20. Bc7 Rc8 21. Ba5 Ne8 22. Qd1 Nd6 {1-0 Carlsen,M (2864)-Ding,L (2799) Charity Cup KO rapid 2022 (2.23)}) 8... Nbd7 9. h4 Ng4 $146 ({RR} 9... b5 10. c5 h6 11. Bh3 b4 12. Na4 Ne4 13. Bxb4 Rb8 14. Bd2 e5 15. Be3 exd4 16. Nxd4 Qa5+ 17. Kf1 Qa6 18. Nf5 Bf6 19. Rb1 Ne5 20. b3 h5 21. Bf4 Re8 22. Nd6 Bxh3+ 23. Rxh3 Nxd6 24. cxd6 {1-0 Vantika,A (2315)-Berczes,D (2452) Budapest FS09 GM 2021 (7)}) ({RR} 9... dxc4 10. O-O-O Rb8 11. Bf4 Ra8 12. Ne5 Nd5 13. Nxc4 N7f6 14. Be5 Bd7 15. e4 Nxc3 16. Qxc3 b5 17. Ne3 Rc8 18. Kb1 Qb6 19. g4 Rfd8 20. g5 Ne8 21. Ng4 Bd6 22. Qg3 Bxe5 23. dxe5 c5 24. Nf6+ {1-0 To,N (2321)-Colville,J (2067) Titled Tue 13th Aug Early 2024 (9)}) ({RR} 9... b6 10. Ng5 Bb7 11. e4 dxe4 12. Ncxe4 h6 13. O-O-O Re8 14. Nc3 Qc8 15. Be3 Bb4 16. Nge4 Be7 17. Bf4 Nxe4 18. Nxe4 Nf6 19. Nc3 Rd8 20. g4 Nxg4 21. Bh3 Nf6 22. Rhg1 Kf8 23. Be5 a5 24. f4 {1-0 Zia,T (2283)-Shawket Bin,O (2065) Dhaka Al Mahmud Memorial 2022 (7)}) ({RR} 9... dxc4 10. Rd1 Nd5 11. Ng5 N7f6 12. Nce4 Nxe4 13. Bxe4 f5 14. Bg2 b5 15. O-O h6 16. Nf3 Bb7 17. b3 cxb3 18. axb3 Rc8 19. e4 Nb4 20. Bxb4 Bxb4 21. exf5 exf5 22. Ne5 Qc7 23. Bh3 Rf6 24. Bxf5 {1-0 Pantzar,M (2421)-Falkevall,A (2209) SWE-ch U20 Helsingborg 2021 (1)}) 10. Ng5 Ngf6 11. e4 e5 12. dxe5 d4 13. exf6 dxc3 14. Bxc3 Bxf6 15. e5 Bxg5 16. hxg5 g6 17. f4 Nc5 18. Rd1 Qb6 19. Bf3 Bf5 20. Qh2 Rfd8 21. Qxh7+ Kf8 22. Qh8+ Ke7 23. Qf6+ Ke8 24. Rh8# 1-0

[Event "45th Olympiad Budapest 2024"]
[Site "Budapest"]
[Date "2024.09.11"]
[Round "1"]
[Board "4"]
[White "Richards, Trisann"]
[Black "Wadifa, Ahmed"]
[Result "0-1"]
[WhiteElo "1653"]
[BlackElo "1988"]
[PlyCount "38"]
[EventDate "2024.09.11"]
[EventType "team-tourn"]
[EventRounds "11"]
[EventCountry "HUN"]
[WhiteTeam "Saint Lucia"]
[BlackTeam "Bangladesh"]
[BlackTeamCountry "BAN"]

1. c4 c5 2. Nc3 Nf6 3. d3 e6 4. g3 d5 5. Bg2 Be7 6. Nf3 Nc6 7. O-O O-O 8. b3 ({RR} 8. Bf4 d4 9. Na4 Nd7 10. a3 e5 11. Bd2 Qc7 12. Rb1 b6 13. b4 Bb7 14. bxc5 bxc5 15. e3 Rab8 16. exd4 cxd4 17. Nh4 Bxh4 18. gxh4 Nd8 19. Bxb7 Nxb7 20. Qf3 Nbc5 21. Nxc5 Nxc5 22. Rb4 Rb6 {1-0 Mohr,G (2503)-Weiss,C (2421) AUT-chT2M 0910 2009 (9.1)}) ({RR} 8. Rb1 d4 9. Na4 Nd7 10. a3 Rb8 11. b4 b6 12. b5 Nce5 13. e3 Nxf3+ 14. Bxf3 Ne5 15. e4 Nxf3+ 16. Qxf3 Bb7 17. Qe2 Qd7 18. Bd2 Rbe8 19. Nb2 f5 20. f3 Bd6 21. a4 Qc7 22. Rbe1 Rf7 {0-1 Benevides Demasi,J-Wadsworth,M (2456) Titled Tue 2nd Jul Late 2024 (3)}) 8... a6 9. Bb2 $146 ({RR} 9. Bd2 d4 10. Nb1 e5 11. Ne1 Bf5 12. f3 h6 13. Na3 Rb8 14. Nac2 Re8 15. a3 a5 16. a4 Bf8 17. Na3 Nb4 18. Nb5 Bd7 19. Qc1 Ra8 20. Nc2 Bc6 21. Nxb4 cxb4 22. Qb2 Bc5 23. Be1 Qd7 {0-1 Jurman,R (2140)-Reimanis,R (2316) Belgrade ChessAmateur op 5th 2019 (1)}) ({RR} 9. e3 Qc7 10. cxd5 exd5 11. Bb2 {½-½ Waldmann,I-Magyar,O HUN-Open Budapest 1981 (7)}) 9... Rb8 10. Nb1 b5 11. Na3 Qb6 12. Ne5 Bb7 13. Nxc6 Bxc6 14. Bh3 Rfd8 15. Qc1 Ba8 16. Be5 Rbc8 17. Nc2 d4 18. Ne1 Nd7 19. Nf3 Bxf3 0-1

[Event "45th Olympiad Budapest 2024"]
[Site "Budapest"]
[Date "2024.09.11"]
[Round "1"]
[Board "1"]
[White "Perez Rodriguez, Jennifer"]
[Black "Maly, Inthavong"]
[Result "1-0"]
[WhiteElo "2224"]
[BlackElo "1633"]
[PlyCount "67"]
[EventDate "2024.09.11"]
[EventType "team-tourn"]
[EventRounds "11"]
[EventCountry "HUN"]
[WhiteTeam "Paraguay"]
[BlackTeam "Laos"]
[WhiteTeamCountry "PAR"]
[BlackTeamCountry "LAO"]

1. e4 e5 2. Nc3 Nf6 3. Bc4 Nc6 4. d3 Bb4 5. Bg5 Bxc3+ 6. bxc3 h6 ({RR} 6... O-O 7. Ne2 d6 8. O-O Bg4 9. f4 Bxe2 10. Qxe2 Qe8 11. Rab1 Rb8 12. Bxf6 b5 13. Qg4 g6 14. Qg5 bxc4 15. Qh6 Qe6 16. Qg7# {1-0 Skliarov,V (2345)-Bandrivskyi,O Artem Sachuk Mem 2024 (1.2)}) 7. Bh4 d6 8. Ne2 Qe7 $146 ({RR} 8... O-O 9. O-O g5 10. Bg3 Be6 11. Bb3 Nh7 12. d4 Bxb3 13. axb3 f5 14. f3 fxe4 15. fxe4 Rxf1+ 16. Qxf1 Qf6 17. d5 Ne7 18. Bf2 a6 19. Ng3 Rf8 20. Qe2 Ng6 21. Nh5 Qf7 22. Rf1 Nf4 23. Nxf4 {1-0 Kleinschmidt,U (1842)-Meznar,F (1822) Suedwestfalen Verbandsklasse 0001 2000 (1)}) ({RR} 8... Be6 9. Bb3 g5 10. Bg3 d5 11. exd5 Bxd5 12. O-O O-O 13. c4 Be6 14. Ba4 Nd7 15. Qb1 Rb8 16. Qb2 f6 17. Bxc6 bxc6 18. Qa3 Rb6 19. f3 Qc8 20. Rfb1 c5 21. Qxa7 f5 22. Nc3 h5 23. a4 {1-0 Hess,R (2591)-Deac,B (2679) Chess.com Rapid Wk9 Swiss 2022 (7)}) 9. O-O Be6 10. Bb5 O-O 11. d4 Na5 12. d5 Bg4 13. f3 Bh5 14. g4 Bg6 15. Bd3 c6 16. c4 Qd8 17. Rb1 a6 18. Qd2 b5 19. cxb5 cxb5 20. Bxf6 Qxf6 21. Qxa5 h5 22. Qe1 Qg5 23. h4 Qe7 24. Kg2 hxg4 25. fxg4 Qd7 26. Qg3 f6 27. Nc3 Kf7 28. h5 Bh7 29. g5 Ke7 30. g6 Bg8 31. Nd1 Rab8 32. Ne3 Kd8 33. Qe1 Ke8 34. a4 1-0

[Event "45th Olympiad Budapest 2024"]
[Site "Budapest"]
[Date "2024.09.11"]
[Round "1"]
[Board "1"]
[White "Varela La Madrid, Tilsia Carolina"]
[Black "Lima, Izidora Lourenco"]
[Result "1-0"]
[WhiteElo "2017"]
[BlackElo "1579"]
[PlyCount "103"]
[EventDate "2024.09.11"]
[EventType "team-tourn"]
[EventRounds "11"]
[EventCountry "HUN"]
[WhiteTeam "Venezuela"]
[BlackTeam "Sao Tome and Principe"]
[WhiteTeamCountry "VEN"]
[BlackTeamCountry "SAO"]

1. e4 e5 2. Nf3 Nc6 3. Nc3 Nf6 4. Bb5 d6 5. d4 exd4 6. Nxd4 Bd7 7. Bxc6 Bxc6 8. Qd3 Be7 ({RR} 8... Nd7 9. Nxc6 bxc6 10. Qa6 Nb6 11. Qb7 Kd7 12. Qa6 Be7 13. a4 Bf6 14. a5 Nc8 15. O-O Re8 16. Qd3 Qe7 17. Na4 Rd8 18. Nc5+ Ke8 19. Qa6 Nb6 20. axb6 dxc5 21. b7 Rab8 22. Qxa7 c4 23. c3 {1-0 Grischuk,A (2756)-Ivanov,A (2481) RUS-chT 17th 2010 (3)}) ({RR} 8... Qd7 9. O-O O-O-O 10. b4 Qe8 11. Re1 d5 12. b5 dxe4 13. Qc4 Bd5 14. Qa4 Bc5 15. Be3 Ng4 16. h3 Nxe3 17. fxe3 Qe5 18. Nxd5 Rxd5 19. c3 f5 20. Rf1 Rf8 21. Rad1 f4 22. Rxf4 Rxf4 23. exf4 {½-½ Smetana,P (1993)-Visvader,K (1696) Slovakia Open 2024 (1.7)}) 9. Nf5 Rg8 $146 ({RR} 9... O-O 10. Bg5 Kh8 11. Qd4 Bd7 12. Nxe7 Qxe7 13. O-O-O Bc6 14. Rhe1 Qe5 15. Qxe5 dxe5 16. Bxf6 gxf6 17. Nd5 Bxd5 18. Rxd5 Rfd8 19. Red1 Rxd5 20. Rxd5 Rg8 21. g3 Kg7 22. c4 Re8 23. c5 Re6 24. b4 {1-0 Ornstein,A (2405)-Setterqvist,K SWE-ch Linkoping 1984}) ({RR} 9... g6 10. Nh6 Qd7 11. O-O Qe6 12. Nb5 Qd7 13. Nc3 Qe6 14. Bg5 O-O-O 15. Rae1 Ng8 16. Bxe7 Nxe7 17. f4 Qf6 18. Qh3+ Bd7 19. Qe3 Nc6 20. Nd5 Qg7 21. f5 gxf5 22. exf5 Qxb2 23. f6 {1-0 Nikolenko,O (2495)-Grigoriants,S (2250) RUS-Cup02 Moscow 1998 (9)}) ({RR} 9... g6 10. Nxe7 Qxe7 11. O-O O-O-O 12. Re1 Qe5 13. f4 Qe6 14. Qd4 Rde8 15. b4 b6 16. Bb2 Rhg8 17. Nb5 Bxb5 18. Qxf6 Bc6 19. Qxe6+ Rxe6 20. e5 dxe5 21. fxe5 Rd8 22. Rad1 Ree8 23. c4 Bd7 24. c5 {½-½ Martinez Alcantara,J (2611)-Mirzoev,A (2428) 33rd Carlos Torre Mem 2023 (5.1)}) 10. f3 Qd7 11. Be3 a6 12. O-O-O O-O-O 13. Qd4 b6 14. Qc4 Kb7 15. Qxf7 Bf8 16. Qb3 g6 17. Nd4 Bg7 18. Ne6 Rde8 19. Nc5+ dxc5 20. Rxd7 Nxd7 21. Nd5 Rgf8 22. Rd1 Be5 23. Bh6 Rh8 24. g3 Bb5 25. f4 c4 26. Qf3 Bd6 27. Bg7 Rhg8 28. Bd4 Rgf8 29. Qh1 Bc6 30. b3 Ba3+ 31. Kb1 cxb3 32. axb3 Bxd5 33. exd5 Re2 34. d6+ Kb8 35. dxc7+ Kxc7 36. Bb2 Bxb2 37. Kxb2 Rfe8 38. Qd5 R8e7 39. Qd6+ Kc8 40. Qc6+ Kd8 41. Qxb6+ Ke8 42. Qxa6 Kf8 43. Rxd7 Rxc2+ 44. Kxc2 Rxd7 45. Qf6+ Kg8 46. Qe6+ Rf7 47. b4 Kg7 48. Qe5+ Kf8 49. b5 Kg8 50. Qe8+ Rf8 51. Qxf8+ Kxf8 52. b6 1-0

[Event "45th Olympiad Budapest 2024"]
[Site "Budapest"]
[Date "2024.09.11"]
[Round "1"]
[Board "2"]
[White "Jorquera Cabello, Valentina"]
[Black "Oyenga, Justine Anassika"]
[Result "1-0"]
[WhiteElo "1919"]
[BlackElo "1503"]
[PlyCount "67"]
[EventDate "2024.09.11"]
[EventType "team-tourn"]
[EventRounds "11"]
[EventCountry "HUN"]
[WhiteTeam "Chile"]
[BlackTeam "Togo"]
[WhiteTeamCountry "CHI"]
[BlackTeamCountry "TOG"]

1. e4 e5 2. Nf3 d6 3. d4 exd4 4. Nxd4 Nf6 5. Nc3 c5 6. Bb5+ ({RR} 6. Nde2 Nc6 7. h3 Be7 8. g4 a6 9. Bg2 O-O 10. O-O Bd7 11. Ng3 Nd4 12. Be3 Nb5 13. Nce2 Nc7 14. g5 Nfe8 15. f4 g6 16. h4 f6 17. Qd2 Bc6 18. c4 b5 19. b3 Rb8 20. f5 bxc4 {1-0 Bosiocic,M (2433)-Bogner,S (2318) Mitropa Cup 25th 2006 (8.3)}) 6... Bd7 7. Bxd7+ Qxd7 8. Nf3 Qc6 $146 ({RR} 8... Nc6 9. O-O Be7 10. Bf4 O-O 11. Re1 Qg4 12. Bg3 Rad8 13. h3 Qe6 14. Qe2 d5 15. exd5 Qxe2 16. Rxe2 Nxd5 17. Nxd5 Rxd5 18. Rae1 Re8 19. c4 Rd7 20. Ne5 Nxe5 21. Bxe5 Bg5 22. Bd6 Rxe2 23. Rxe2 {1-0 Ries,B-Stejskal,J GER-ch U11 Friedrichroda 1997 (1)}) ({RR} 8... Nc6 9. O-O Be7 10. Bg5 h6 11. Bxf6 gxf6 12. Nh4 Nd4 13. Ne2 Ne6 14. Nf5 O-O-O 15. Qd3 Rdg8 16. Rad1 Kc7 17. f4 Rd8 18. Nc3 Kb8 19. Nd5 Bf8 20. Qc3 Qc6 21. Qxf6 Bg7 22. Nxg7 Nxg7 23. Qxg7 {1-0 Sibajeva,M (2034)-Ziura,A (1250) 20th Sea Festival A 2023 (1.4)}) ({RR} 8... Nc6 9. Bf4 a6 10. O-O Be7 11. Qd2 O-O 12. Rad1 Rad8 13. Rfe1 Ne5 14. Bxe5 dxe5 15. Qg5 Qc7 16. Qxe5 Bd6 17. Qg5 Bf4 18. Qf5 Rxd1 19. Rxd1 Re8 20. Re1 Be5 21. Nxe5 Rxe5 22. Qf4 Qe7 23. f3 {1-0 Langer,R (1839)-Wagner,P (1718) NRW Verbandsklasse Group2 1314 2013 (6.6)}) ({RR} 8... Nc6 9. h3 Be7 10. O-O O-O 11. Re1 Rfe8 12. Nd5 Rad8 13. c3 h6 14. Bf4 Nxd5 15. Qxd5 Bf8 16. Rad1 Qc8 17. Bg3 Re6 18. Qd3 Rde8 19. Re3 b6 20. Rde1 Qb8 21. Qd5 Qc8 22. e5 Ne7 23. Qd3 {0-1 Slavic,N (1935)-Scepanovic,L (2073) Subotica-ch op 2020 (2)}) 9. O-O Be7 10. e5 Ng4 11. exd6 Bxd6 12. Re1+ Kf8 13. Ne4 Bc7 14. h3 Ne5 15. Nxe5 Bxe5 16. Qd8+ Qe8 17. Qxe8+ Kxe8 18. Nxc5 Nc6 19. f4 b6 20. Nb3 Kd7 21. fxe5 Rhe8 22. Bf4 Ke6 23. Rad1 Rac8 24. Rd6+ Kf5 25. Bg3 Re6 26. Red1 a5 27. c3 a4 28. Rxc6 axb3 29. Rxc8 bxa2 30. Ra8 f6 31. exf6 gxf6 32. Rxa2 Re3 33. Bh4 Kg6 34. Rd6 1-0

[Event "45th Olympiad Budapest 2024"]
[Site "Budapest"]
[Date "2024.09.11"]
[Round "1"]
[Board "3"]
[White "Kponsou, Afiwa"]
[Black "Morales Flores, Monserrat"]
[Result "0-1"]
[WhiteElo "1453"]
[BlackElo "1938"]
[PlyCount "100"]
[EventDate "2024.09.11"]
[EventType "team-tourn"]
[EventRounds "11"]
[EventCountry "HUN"]
[WhiteTeam "Togo"]
[BlackTeam "Chile"]
[WhiteTeamCountry "TOG"]
[BlackTeamCountry "CHI"]

1. Nf3 Nf6 2. g3 g6 3. Bg2 Bg7 4. O-O O-O 5. d4 d6 6. Nbd2 Nbd7 7. e4 e5 8. c3 Qe7 ({RR} 8... Re8 9. dxe5 dxe5 10. b4 a5 11. Qc2 Qe7 12. a3 axb4 13. cxb4 Nb6 14. Nb3 Na4 15. Be3 Ng4 16. Bg5 f6 17. Bd2 f5 18. Rac1 c6 19. Na5 Nb6 20. h3 Nf6 21. Be3 fxe4 22. Bxb6 exf3 23. Qb3+ {½-½ Rossetto,H (2410)-Panno,O (2550) Buenos Aires YMCA 1977 (7)}) 9. Re1 Nb6 10. dxe5 $146 ({RR} 10. a4 a5 11. b3 Nfd7 12. Ba3 Re8 13. Rc1 Qe6 14. Bf1 f5 15. Bd3 f4 16. Nc4 Bh6 17. Rc2 Qg4 18. Be2 Qh3 19. Bf1 Qh5 20. Nfd2 Qxd1 21. Rxd1 fxg3 22. hxg3 Nxc4 23. Bxc4+ Kh8 24. Bb5 c6 {1-0 Peyrer,K (2405)-Petersen,M (2037) 1st Munich Pfingst-Open A 2023 (2.33)}) ({RR} 10. a4 a5 11. h3 Bd7 12. b3 Rfd8 13. Ba3 Qe8 14. Qc2 Rac8 15. Rac1 Nh5 16. dxe5 dxe5 17. c4 Bc6 18. Qc3 Ra8 19. c5 Nd7 20. Nc4 Qe6 21. Nxa5 Rxa5 22. Qxa5 Qxb3 23. Rc3 Qxa4 24. Qxc7 Qa8 {1-0 Sandor,B-Castagna,R Hoogovens-B1 1962 (9)}) ({RR} 10. b3 c5 11. Bb2 Ne8 12. dxe5 dxe5 13. c4 Nc7 14. Nf1 Rd8 15. Qc2 Bg4 16. Ne3 Bxf3 17. Bxf3 Ne6 18. Nd5 Nxd5 19. exd5 Nd4 20. Qd1 Qd6 21. Bg2 f6 22. Bxd4 cxd4 23. f3 Bh6 24. a3 a5 {0-1 Maasarani,M (2108)-El Jawich,A (2170) Mediterranean-ch 8th 2013 (8)}) 10... dxe5 11. a4 a5 12. b3 Rd8 13. Qe2 h6 14. Ba3 Qe6 15. Rad1 Bd7 16. Bb2 Bc6 17. c4 Nfd7 18. Ba3 Nf6 19. c5 Nbd7 20. Rf1 Bf8 21. Rc1 b6 22. Qc4 Qxc4 23. Nxc4 Nxc5 24. Bxc5 Bxc5 25. Nfxe5 Bxe4 26. Bxe4 Nxe4 27. Ng4 Kg7 28. Rcd1 Nc3 29. Rde1 Rd4 30. Nge5 Re4 31. Kg2 Rd8 32. Rxe4 Nxe4 33. f3 Nc3 34. Rc1 Ne2 35. Rc2 Nd4 36. Rd2 Re8 37. Nd7 Nxb3 38. Rd5 Bb4 39. Nde5 Nc5 40. Nd7 Nxa4 41. Nde5 Nc5 42. Nc6 Re6 43. Nxb4 axb4 44. Kf2 c6 45. Rd1 b5 46. Na5 Na4 47. Rb1 c5 48. Nb3 Nc3 49. Nxc5 Nxb1 50. Nxe6+ fxe6 0-1

[Event "45th Olympiad Budapest 2024"]
[Site "Budapest"]
[Date "2024.09.11"]
[Round "1"]
[Board "1"]
[White "Lindiawati, Evi"]
[Black "Asha, Huang Limboo"]
[Result "1-0"]
[WhiteElo "1940"]
[BlackElo "1420"]
[PlyCount "73"]
[EventDate "2024.09.11"]
[EventType "team-tourn"]
[EventRounds "11"]
[EventCountry "HUN"]
[WhiteTeam "Indonesia"]
[BlackTeam "Bhutan"]
[WhiteTeamCountry "INA"]
[BlackTeamCountry "BTN"]

1. e4 e6 2. d4 d5 3. Nd2 Bd7 4. Ngf3 ({RR} 4. exd5 exd5 5. Bd3 Bd6 6. Ne2 Nc6 7. c3 Nf6 8. O-O O-O 9. Ng3 Ne7 10. Nf3 Ng6 11. Nf5 Bf4 12. Re1 Bxc1 13. Qxc1 Bxf5 14. Bxf5 Re8 15. Qc2 Qd6 16. g3 Nf8 17. Qb3 g6 18. Bh3 Ne4 {½-½ Topalov,V (2774)-Rapport,R (2680) Kozloduy Danube Countries 2nd rapid 2013 (3)}) 4... Bc6 $146 ({RR} 4... Nc6 5. c3 f6 6. Bd3 dxe4 7. Nxe4 f5 8. Ng3 Nf6 9. Qe2 Qe7 10. Bf4 O-O-O 11. O-O-O h6 12. h4 Ng4 13. Rhe1 Qf6 14. Nd2 g5 15. hxg5 hxg5 16. Be5 Ncxe5 17. dxe5 Qf7 18. f3 Nh6 19. Qf2 {1-0 Burg,T-Niesert,L NED-ch U12 Hengelo 2002 (8)}) ({RR} 4... Bd6 5. Bd3 Nf6 6. e5 Be7 7. exf6 Bxf6 8. O-O O-O 9. Re1 Nc6 10. c3 Be7 11. Nf1 Qe8 12. h3 Nd8 13. N3h2 c5 14. Qg4 Bf6 15. Bh6 b6 16. Qg3 cxd4 17. Ng4 Be7 18. Nge3 Bf6 19. Nxd5 {1-0 Toffoli,V (1013)-Artero,A Florianopolis op 8th 2022 (4)}) ({RR} 4... Nf6 5. e5 Ne4 6. Bd3 Nxd2 7. Bxd2 c5 8. c3 Qb6 9. Rb1 Bb5 10. Qe2 Bxd3 11. Qxd3 Qa6 12. Qxa6 Nxa6 13. Ke2 Be7 14. b4 cxb4 15. cxb4 b5 16. Rhc1 Kd7 17. Ne1 Rhc8 18. Nd3 Rc4 19. Ke3 {0-1 Krieger,H-Haefner,T Baden Kongress Meisterturnier B1 1981 (2)}) ({RR} 4... Ne7 5. Bd3 Ng6 6. c3 Be7 7. g3 Bc6 8. e5 Nd7 9. h4 Nb6 10. b3 Bd7 11. h5 Nf8 12. h6 g6 13. Nh2 f5 14. exf6 Bxf6 15. Ng4 e5 16. Nxe5 Qe7 17. Qe2 O-O-O 18. a4 Re8 19. Ba3 {1-0 Mestel,A (2500)-Blow,R Marbella Zonal-B 1982 (5)}) 5. e5 Nd7 6. Bd3 f6 7. Nb3 Qe7 8. Bf4 g5 9. exf6 Ngxf6 10. Bxc7 Rg8 11. Qe2 Nb6 12. Bg3 g4 13. Ne5 Nc4 14. Nxc6 bxc6 15. Bxc4 dxc4 16. Qxc4 Qd7 17. O-O Ne4 18. Rfe1 Nxg3 19. Rxe6+ Kd8 20. hxg3 Rg6 21. Rae1 Kc7 22. Rxg6 hxg6 23. Qe6 Re8 24. Qxe8 Qxe8 25. Rxe8 Bd6 26. c4 Kd7 27. Rg8 Be7 28. Rxg6 a5 29. Nxa5 c5 30. dxc5 Bxc5 31. Rxg4 Bb4 32. Nb3 Kc6 33. Rg6+ Kd7 34. a4 Kc7 35. a5 Kb8 36. Rb6+ Ka7 37. Rxb4 1-0

[Event "45th Olympiad Budapest 2024"]
[Site "Budapest"]
[Date "2024.09.12"]
[Round "2"]
[Board "3"]
[White "Yuliana, Evi"]
[Black "Vidic, Teja"]
[Result "1/2-1/2"]
[WhiteElo "1912"]
[BlackElo "2128"]
[PlyCount "90"]
[EventDate "2024.09.11"]
[EventType "team-tourn"]
[EventRounds "11"]
[EventCountry "HUN"]
[WhiteTeam "Indonesia"]
[BlackTeam "Slovenia"]
[WhiteTeamCountry "INA"]
[BlackTeamCountry "SLO"]

1. d4 {[%emt 0:00:08]} d5 {[%emt 0:00:14]} 2. c4 {[%emt 0:00:09]} e6 {[%emt 0:00:05]} 3. Nf3 {[%emt 0:00:19]} a6 {[%emt 0:00:12]} 4. Nc3 {[%emt 0:02:53]} dxc4 {[%emt 0:02:33]} 5. a4 {[%emt 0:00:10]} Nc6 {[%emt 0:10:13]} 6. e3 {[%emt 0:02:36]} ({RR} 6. Bg5 Be7 7. Bxe7 Qxe7 8. e3 Na5 9. Ne5 Nf6 10. Nxc4 Nxc4 11. Bxc4 O-O 12. O-O c5 13. a5 cxd4 14. Qxd4 Bd7 15. Rfd1 Bc6 16. Qd6 Qxd6 17. Rxd6 Rfd8 18. Rad1 Rxd6 19. Rxd6 Kf8 20. f3 Ke7 {0-1 Mamedyarov,S (2770)-Grandelius,N (2663) Titled Arena 2nd Jan blitz 2021}) 6... Nf6 $146 {[%emt 0:04:02]} ({RR} 6... Na5 7. Nd2 c5 8. Nxc4 Nf6 9. Be2 cxd4 10. Nxa5 Qxa5 11. Qxd4 e5 12. Qh4 Be7 13. Bd2 Qb6 14. Bc1 Bf5 15. O-O O-O 16. a5 Qe6 17. Bc4 Qc6 18. Rd1 Rfe8 19. Qg3 Qxc4 {0-1 De Souza,C (2018)-Fecker,N (2328) Titled Tuesday intern op 22nd Feb Early blitz 2022 (1)}) ({RR} 6... Na5 7. Ne5 c5 8. dxc5 Qxd1+ 9. Kxd1 Bxc5 10. Nxc4 Nxc4 11. Bxc4 Nf6 12. Ke2 O-O 13. a5 Bd7 14. Na4 Ba7 15. b3 Rac8 16. Bb2 Bb5 17. Bxb5 axb5 18. Bxf6 gxf6 19. Nb6 Bxb6 20. axb6 Rc6 21. Rhc1 {0-1 Palencia,W (2180)-Dmitrenko,V (2395) Titled Tue 13th Feb Early 2024 (11)}) ({RR} 6... Na5 7. Ne5 Nf6 8. Bxc4 Nxc4 9. Nxc4 b6 10. e4 Bb7 11. f3 Be7 12. Be3 O-O 13. O-O Qd7 14. Qb3 Rfd8 15. Rfd1 Qe8 16. Rac1 Rac8 17. Ne2 Bc6 18. Ra1 Nd7 19. Nf4 Bb7 20. Nd3 Nb8 21. a5 {½-½ Stocek,J (2595)-Kevlishvili,R (2478) Pardubice Czech op-A 31st 2020 (9)}) ({RR} 6... Na5 7. Ne5 c5 8. Nxc4 cxd4 9. exd4 Nf6 10. Bg5 Be7 11. Rc1 O-O 12. Bd3 b6 13. O-O Bb7 14. Ne5 Nc6 15. Nxc6 Bxc6 16. Bb1 Qd7 17. Qd3 g6 18. Bc2 Rfd8 19. Rfd1 Nd5 20. Bxe7 Qxe7 21. Qg3 {½-½ Palma,M (1998)-Berke,A (2146) EU-ch (Women) 20th 2019 (6)}) 7. Bxc4 {[%emt 0:01:46]} Bb4 {[%emt 0:00:05]} 8. O-O {[%emt 0:00:31]} O-O {[%emt 0:00:19]} 9. Qe2 {[%emt 0:01:55]} Qe7 {[%emt 0:06:38]} 10. Rd1 {[%emt 0:04:26]} e5 {[%emt 0:06:08]} 11. Nd5 {[%emt 0:16:55]} Nxd5 {[%emt 0:08:46]} 12. Bxd5 {[%emt 0:00:06]} e4 {[%emt 0:00:04]} 13. Nd2 {[%emt 0:12:20]} Bf5 {[%emt 0:08:03]} 14. Bxc6 {[%emt 0:14:39]} bxc6 {[%emt 0:00:12]} 15. Nc4 {[%emt 0:00:04]} Qg5 {[%emt 0:02:19]} 16. Ne5 {[%emt 0:08:59]} Bd6 {[%emt 0:02:15]} 17. f4 {[%emt 0:03:26]} exf3 {[%emt 0:02:12]} 18. Qxf3 {[%emt 0:01:24]} Bxe5 {[%emt 0:11:06]} 19. dxe5 {[%emt 0:00:07]} Qg6 {[%emt 0:00:08]} 20. Rd4 {[%emt 0:03:36]} Rad8 {[%emt 0:03:34]} 21. Bd2 {[%emt 0:01:57]} c5 {[%emt 0:01:15]} 22. Rxd8 {[%emt 0:00:44]} Rxd8 {[%emt 0:00:06]} 23. Ba5 {[%emt 0:00:39]} Be4 {[%emt 0:03:25]} 24. Qf2 {[%emt 0:02:33]} Rd7 {[%emt 0:04:38]} 25. Bc3 {[%emt 0:09:24]} h5 {[%emt 0:03:03]} 26. h3 {[%emt 0:01:22]} Rd3 {[%emt 0:05:47]} 27. Re1 {[%emt 0:00:14]} h4 {[%emt 0:03:30]} 28. Kh2 {[%emt 0:00:24]} Bc6 {[%emt 0:02:13]} 29. a5 {[%emt 0:01:40]} Qe4 {[%emt 0:00:12]} 30. Re2 {[%emt 0:03:01]} Rd1 {[%emt 0:06:06]} 31. Rd2 {[%emt 0:04:57]} Rxd2 {[%emt 0:02:56]} 32. Qxd2 {[%emt 0:00:05]} Bd5 {[%emt 0:00:13]} 33. Qf2 {[%emt 0:00:13]} g5 {[%emt 0:01:56]} 34. Qe2 {[%emt 0:00:23]} Kf8 {[%emt 0:02:19]} 35. Kg1 {[%emt 0:01:19]} Ke7 {[%emt 0:00:24]} 36. Kh2 {[%emt 0:00:18]} Bc6 {[%emt 0:00:33]} 37. Qf2 {[%emt 0:00:29]} Ke8 {[%emt 0:00:32]} 38. Qe2 {[%emt 0:00:26]} Kd8 {[%emt 0:00:39]} 39. Kg1 {[%emt 0:00:22]} Bd5 {[%emt 0:00:41]} 40. Kh2 {[%emt 0:00:18]} Bc6 {[%emt 0:00:11]} 41. Kg1 {[%emt 0:00:05]} Bd7 {[%emt 0:14:34]} 42. Kf2 {[%emt 0:04:23]} Bc6 {[%emt 0:03:03]} 43. Kg1 {[%emt 0:00:16]} Bd5 {[%emt 0:00:25]} 44. Kh2 {[%emt 0:05:11]} Bc6 {[%emt 0:01:57]} 45. Kg1 {[%emt 0:00:52]} Bd5 {[%emt 0:00:15]} 1/2-1/2